Účinok oxytocínu na diferenciáciu a zmeny morfológie neuronálnych buniek počas zápalu

Gespeichert in:
Bibliographische Detailangaben
1. Verfasser: Reichová, Alexandra (Verfasst von)
Weitere Verfasser: Bačová, Zuzana (Betreuung Doktorarbeit)
Format: Manuskript Buch
Sprache:Slowakisch
Veröffentlicht: 2016
Schlagworte:
Online-Zugang:http://is.stuba.sk/zp/portal_zp.pl?podrobnosti=131781
Tags: Tag hinzufügen
Keine Tags, Fügen Sie das erste Tag hinzu!

MARC

LEADER 00000ntm a22000003a 4500
001 stuzp58118
003 SK-STU
005 20160719155454.2
007 ta
008 150427s2015----xo-----f-mn---000-0-slo-d
040 |a STU  |b slo 
041 0 |a slo 
100 1 |a Reichová, Alexandra  |u 043000  |4 aut  |U FCHPT Fakulta chemickej a potravinárskej technológie  |T FCHPT Ústav biochémie a mikrobiológie  |X 44188  |U C3000  |Y 101  |7 44188 
242 0 1 |a Effect of Oxytocin on Neuronal Cells Differentiation and Morphological Changes During Inflammation  |y eng 
245 1 0 |a Účinok oxytocínu na diferenciáciu a zmeny morfológie neuronálnych buniek počas zápalu 
260 |c 2016 
650 4 |a zápal  |2 slo 
650 4 |a oxytocín  |2 slo 
650 4 |a glia  |2 slo 
650 4 |a neurón  |2 slo 
650 4 |a komunikácia  |2 slo 
650 4 |a inflammation  |2 eng 
650 4 |a neuron  |2 eng 
650 4 |a glia  |2 eng 
650 4 |a oxytocin  |2 eng 
650 4 |a communication  |2 eng 
700 1 |a Bačová, Zuzana  |4 ths  |X 70794  |7 70794 
856 4 |u http://is.stuba.sk/zp/portal_zp.pl?podrobnosti=131781 
SQL |a stuzp58118  |b DDP  |c SLO  |d Účinok oxytocínu na diferenciáciu a zmeny morfológie neuronálnych buniek počas zápalu  |e 44188  |f Reichová, Alexandra  |g 043000  |h 70794  |i Bačová, Zuzana  |j 20160606  |k 1392  |l 04  |m http://is.stuba.sk/zp/portal_zp.pl?podrobnosti=131781  |n I-BBT  |o 5.2.25. biotechnológie, 4.1.14. chémia